Strategy: Core Concepts. Analytical Tools. Readings (Record no. 2234)

MARC details
005 - DATE AND TIME OF LATEST TRANSACTION
control field 20250509124132.0
020 ## - INTERNATIONAL STANDARD BOOK NUMBER
International Standard Book Number 0-07-291830-6
082 ## - DEWEY DECIMAL CLASSIFICATION NUMBER
Classification number 658. 401 THO
100 ## - MAIN ENTRY--PERSONAL NAME
Author name THOMPSON, A. A.
245 ## - TITLE STATEMENT
Title Strategy: Core Concepts. Analytical Tools. Readings
260 ## - PUBLICATION, DISTRIBUTION, ETC.
Place of publication, distribution, etc. New York,
Name of publisher, distributor, etc. McGraw-Hill,
Date of publication, distribution, etc. 2004.
300 ## - PHYSICAL DESCRIPTION
Extent xxxii, 466p.; ill.; figure, picture, table.
Other physical details Index.
Dimensions 26cm.
700 ## - ADDED ENTRY--PERSONAL NAME
Other authors/Editors GAMBLE, J. E. & STRICKLAND, A. J.
856 ## - ELECTRONIC LOCATION AND ACCESS
Link text Access online book
Electronic name Strategy
Path www.mhhe.com
942 ## - ADDED ENTRY ELEMENTS (KOHA)
Source of classification or shelving scheme Dewey Decimal Classification
Koha item type Books
Holdings
Date last seen Total checkouts Full call number Barcode Cost, replacement price Price effective from Koha item type Lost status Source of classification or shelving scheme Damaged status Not for loan Withdrawn status Home library Current library Shelving location Date acquired Cost, normal purchase price
06/26/2025   658.401 THO DOM0001485 135000.00 06/26/2025 Books   Dewey Decimal Classification       CBE Dodoma CBE Dodoma General Collection 04/26/2010 45000.00
06/26/2025   658.401 THO DOM0001489 135000.00 06/26/2025 Books   Dewey Decimal Classification       CBE Dodoma CBE Dodoma General Collection 04/26/2010 45000.00
06/26/2025   658.401 THO DOM0001495 135000.00 06/26/2025 Books   Dewey Decimal Classification       CBE Dodoma CBE Dodoma General Collection 04/26/2010 45000.00
06/26/2025   658.401 THO DOM0001496 135000.00 06/26/2025 Books   Dewey Decimal Classification       CBE Dodoma CBE Dodoma General Collection 04/26/2010 45000.00
06/26/2025   658.401 THO DOM0001494 135000.00 06/26/2025 Books   Dewey Decimal Classification       CBE Dodoma CBE Dodoma General Collection 04/26/2010 45000.00
06/26/2025   658.4'THO DOM0001506 135000.00 06/26/2025 Books   Dewey Decimal Classification       CBE Dodoma CBE Dodoma General Collection 04/06/2010 45000.00
06/26/2025   658.4'THO DOM0001459 135000.00 06/26/2025 Books   Dewey Decimal Classification       CBE Dodoma CBE Dodoma General Collection 04/06/2010 45000.00
05/09/2025   658. 401 THO 0000008657 90000.00 05/09/2025 Books   Dewey Decimal Classification       College of Business Education Main Library College of Business Education Main Library General Collection 05/28/2010 30000.00